| 000 | 00800nam a2200217 i 4500 | ||
|---|---|---|---|
| 001 | 103035 | ||
| 003 | ES-MaACL | ||
| 005 | 20250823063059.0 | ||
| 007 | t| | ||
| 008 | 051228s1817 sp ||||1| spa d | ||
| 100 | 1 |
_aVives, Juan Luis, _d1492-1540 _9115574 |
|
| 245 | 1 | 0 |
_aDiálogos / _cde Juan Luis Vives ; traducidos en lengua castellana por el doctor Cristóbal Coret y Peris. |
| 250 |
_a10ª ed. _bcorregido el texto, mejorada la traducción y añadidas también algunas notas por un discípulo. |
||
| 260 |
_aMadrid : _bpor la Viuda de Barco López, _c1817. |
||
| 300 |
_a[8] h., 439 p. ; _c16 cm. |
||
| 500 | _aTexto en latín y español. | ||
| 597 | _aSignaturizado. | ||
| 700 | 1 |
_aCoret y Peris, Cristóbal. _940585 |
|
| 852 |
_aES-MaACL _jR-3466 |
||
| 999 |
_c103035 _d103035 |
||